000
00339nam a2200145Ia 4500
003
OSt
005
20240409102613.0
008
170524s9999 xx 000 0 und d
020
_a
817515618X
040
_c
IIMT UNIVERSITY, MEERUT
100
_a
AWAVD
245
0
_a
SYSTEM ANALYSIS & DESIGN
260
_a
TATA MC GRAW HILL
942
_2
ddc
_c
02
999
_c
2041
_d
2041